1266 1899 1127 1855 1416 1188 1130 1967 1032 1644 1610 1507 1677 1588 1664 1167 1072 1475 1319 1516 1950 1125 1094 1869 1762 1171 1644 1730 1914 1667 1247 1508 1901 1520 1312 1956 1739 1342 1172 1961 1724 1307 1810 1687 1354 1301 1189 1922 1792 1310 1477 1366 1347 1048 1919 1454 1140 1009 1798 1673 1050 1754 1783 1329 1117 1678 1906 1810 1752 1772 1867 1312 1988 1958 1018 1937 1605 1308 1367 1962 1277 1078 1683 1435 1746 1105 1433 1620 1740 1206 1207 1828 1834 1199 1774 1685 1801 1233 1651 BCNSPRNW ULIB Ver.6.0+V

เปลี่ยนเป็นภาษาไทย

Change to English
 แสดงรายละเอียดบรรณานุกรม
  กลับหน้าหลัก

Brief Record : Get Marc (ISO 2709) : E-mail record : QR code < ปิดหน้าต่าง
LEADER : 00000nam 2200000uu 4500
001    13399109630
003     ULIB
008    110407s2552||||th 000 0 tha d
020    9786117098109
060  4 WB537^bม859ด 2552
100 0  แม่ขวัญข้าว
245 00 ดูแลสุขภาพองค์รวมจากฝ่าเท้า/^cแม่ขวัญข้าว
260    กรุงเทพฯ:^bFeel good Publishing,^c2552
300    173 หน้า:^bภาพประกอบ
650  7 ความงาม
650  7 สุขภาพและความงาม
945    ^p145^l0^i027017
945    ^p145^l0^i027016
995    ทศพร
999 ^a ใช้งานได้ทุกระบบ
รายการนี้ยังไม่มีแท็ก
คุณยังไม่ได้ล็อกอิน คุณสามารถมีกิจกรรมร่วมกับเว็บไซต์ได้ แต่ต้องล็อกอินก่อน ::
  ล็อกอิน

รายการสื่อสารสนเทศ

ลำดับที่ ประเภท เลขเรียก/บาร์โค้ด สถานที่ สถานะ
- ไม่พบข้อมูล -

รายการใกล้เคียง
    ผู้แต่ง [แม่ขวัญข้าว]

    หัวเรื่อง [ความงาม]
    หัวเรื่อง [สุขภาพและความงาม]

BibComment


ยังไม่เคยถูกคอมเมนท์

คอมเมนท์ทรัพยากรรายการนี้
  คอมเมนท์: ดูแลสุขภาพองค์รวม..


 Copyright 2026. Bcnsprnw @Library